000
00227nam a22000857a 4500
008
160912b xxu||||| |||| 00| 0 eng d
100
_9
406
_a
Deepa & Company
245
_a
Master Science-VII
260
_a
New Delhi
_b
Deepa & Company
_c
2007
999
_c
3064
_d
3064